Normal view MARC view
  • Alaniz Hernández, Claudia

Entry Nombre Personal

Number of records used in: 11

001 - NUMERO DE CONTROL

  • campo de control: 34558

003 - IDENTIFICADOR DE NUMERO DE CONTROL

  • campo de control: UPN

005 - FECHA Y HORA DE LA ÜLTIMA TRANSACCIÓN

  • campo de control: 20231005114217.0

008 - DATOS DE LONGITUD FIJA

  • campo de control de longitud fija: nabaccnnaabn|||||||||| b |nc|||||d

035 ## - NUMERO DE CONTROL

  • Número de control: UPN11000006665

040 ## - FUENTE DE CATALOGACIÓN

  • Lenguaje de catalogación: SPA
  • Agencia de transcripción: UPN
  • Agencia original de catalogación: MX-MxUPN

100 1# - ENCABEZAMIENTO - NOMBRE PERSONAL

  • Nombre personal: Alaniz Hernández, Claudia

373 ## - GRUPO ASOCIADO

  • Associated group: Universidad Pedagógica Nacional (México)

670 ## - FUENTE EN LA QUE SE LOCALIZARON DATOS

  • Cita de la fuente: LC

670 ## - FUENTE EN LA QUE SE LOCALIZARON DATOS

  • Cita de la fuente: A contracorriente, 2023 :

670 ## - FUENTE EN LA QUE SE LOCALIZARON DATOS

  • Cita de la fuente: cubierta posterior (Claudia Alaníz Hernández es Doctora en Educación y profesora investigadora de tiempo completo en la Universidad Pedagógica Nacional)

680 ## - NOTA PUBLICA DE ACCESO PÚBLICO

  • Frase explicativa de la referencia: Doctora en Educación mexicana

902 ## - CATALOGADOR

  • Catalogador: MMA/061213